00980nam a2200277 i 450000100060000000300080000600500170001400800390003102000150007003500190008504000320010404100080013606000160014408200200016024500640018026000730024430000340031750400390035165000450039065000360043565000400047170000260051194200120053799900170054995201360056617389BD-RjUL20211209000130.0140217s1975 enka b 001 0 eng a0470956178 a(BD-RjUL)17447 aDLCcDLCdDLCdBD-RjULbeng aeng aQU135 W814h00a661.8bHAN 197510aHandbook of enzyme biotechnology /cedited by Alan Wiseman. aChichester, Eng. :bE. Horwood ;aNew York :bHalsted Press,cc1975. axii, 275 p. :bill. ;c24 cm. aIncludes bibliographies and index. 0aEnzymesxIndustrial applications.953593 0aBiochemical engineering.953594 2aEnzymesxChemical synthesis.9535951 aWiseman, Alan,953596 2ddccBK c17389d17389 00102ddc40718NFICaRUCLbRUCLcReadingd1979-10-16eHeffersg16.00l0o661.8 HAN 1975r2014-02-17 00:00:00tC-1w2014-02-17yBK